Papelucho en la clínica

में बचाया:
ग्रंथसूची विवरण
स्वरूप: पुस्तक
भाषा:स्पेनिश
प्रकाशित: Santiago Universitaria 1992
संस्करण:41a. ed
श्रृंखला:Colección papelucho, 5
विषय:
टैग: टैग जोड़ें
कोई टैग नहीं, इस रिकॉर्ड को टैग करने वाले पहले व्यक्ति बनें!

MARC

LEADER 00000nam a2200000 a 4500
001 UCH3821
003 CL-VaPUC
008 090818e19920000CL |||||||||||||||||spa|d
082 0 4 |a Ch863  |b PAZ  |2 21 
245 1 0 |a Papelucho en la clínica 
250 |a 41a. ed 
300 |a 137 p 
942 |c BK 
945 |d 20090818 00:00:00  |a lazolas 
260 |a Santiago  |b Universitaria  |c 1992 
650 0 |a Novelas chilenas   |9 265425 
650 0 |a Literatura chilena   |9 308278 
583 |a last modification  |c 20160520 16:16:45  |k Rodrigo Vera 
490 0 |a Colección papelucho, 5 
999 |c 335243  |d 335241